书目信息 |
| 题名: |
七十年代地质地球化学进展
|
|
| 作者: | ;中国科学院地球化学研究所 编 | |
| 分册: | ||
| 出版信息: | 贵阳 贵州人民出版社 1980 |
|
| 页数: | 415页 | |
| 开本: | 21cm | |
| 丛书名: | ||
| 单 册: | ||
| 中图分类: | P59 | |
| 科图分类: | ||
| 主题词: | 地球化学--发展--现代 | |
| 电子资源: | ||
| ISBN: | ||
| 000 | 00691nam0 2200229 45 | |
| 001 | 0180005378 | |
| 005 | 20060820154852.76 | |
| 010 | @dCNY2.60 | |
| 091 | @a13115.22 | |
| 100 | @a19950603d1980 em y0chiy0121 ea | |
| 101 | 0 | @achi |
| 102 | @aCN@b520000 | |
| 105 | @ay z 000yy | |
| 200 | 10 | @a七十年代地质地球化学进展@Aqi shi nian dai di zhi di qiu hua xue jin zhan@f中国科学院地球化学研究所编 |
| 210 | @a贵阳@c贵州人民出版社@d1980 | |
| 215 | @a415页@d21cm | |
| 606 | @a地球化学@x发展@z现代 | |
| 690 | @aP59@v3 | |
| 711 | 02 | @a中国科学院地球化学研究所@Azhong guo ke xue yuan di qiu hua xue yan jiu suo@4编 |
| 801 | 2 | @aCN@bNLC@c20060820 |
| 801 | 0 | @aCN@bTSSF |
| 905 | @a10447@dP59@e92 | |
| 七十年代地质地球化学进展/中国科学院地球化学研究所编.-贵阳:贵州人民出版社,1980 |
| 415页;21cm |
| ISBN :CNY2.60 |
| ● |
| 相关链接 |
|
|
|
|
正题名:七十年代地质地球化学进展
索取号:P59/92
 
预约/预借
| 序号 | 登录号 | 条形码 | 馆藏地/架位号 | 状态 | 备注 |
| 1 | 0470464 | 204704640 | 密集书库/ [索取号:P59/92] | 在馆 |